[Event "VIE-ch U15 Girls"]
[Site "Ho Chi Minh City"]
[Date "2022.07.12"]
[Round "2"]
[White "Ngo, Minh Hang"]
[Black "Nguyen, Le Cam Hien"]
[Result "1/2-1/2"]
[WhiteElo "2107"]
[BlackElo "2112"]
[PlyCount "50"]
[EventDate "2022.07.11"]
[EventType "swiss"]
[EventRounds "9"]
[EventCountry "VIE"]
[SourceTitle "EXT 2023"]
[Source "ChessBase"]
[SourceDate "2022.10.05"]
[SourceVersion "1"]
[SourceVersionDate "2022.10.05"]
[SourceQuality "1"]

1. e4 c5 2. Nf3 d6 3. d4 cxd4 4. Qxd4 Nc6 5. Bb5 Bd7 6. Bxc6 Bxc6 7. Nc3 Nf6 8. Bg5 h6 9. Bxf6 gxf6 10. 0-0-0 Rg8 11. g3 Qa5 12. Qd3 0-0-0 13. Qc4 e6 14. Nd4 Qc5 15. Qxc5 dxc5 16. Nxc6 bxc6 17. Rxd8+ Kxd8 18. b3 Kc7 19. Kb2 Bd6 20. f4 c4 21. Ne2 cxb3 22. axb3 Rb8 23. c3 h5 24. Rd1 Rg8 25. Rd3 Bc5 1/2-1/2

[Event "Eastern Asia-ch U14 Girls"]
[Site "Tornelo INT"]
[Date "2021.10.23"]
[Round "4"]
[White "Rajarajeshwari, Yogesh Deshmukh"]
[Black "Nguyen, Le Cam Hien"]
[Result "0-1"]
[WhiteElo "1235"]
[BlackElo "1458"]
[PlyCount "96"]
[EventDate "2021.10.22"]
[EventType "swiss"]
[EventRounds "9"]
[EventCountry "NET"]
[SourceTitle "EXT 2023"]
[Source "ChessBase"]
[SourceDate "2022.10.05"]
[SourceVersion "1"]
[SourceVersionDate "2022.10.05"]
[SourceQuality "1"]

1. e4 c5 2. Nf3 d6 3. Bb5+ Bd7 4. Bxd7+ Qxd7 5. d4 cxd4 6. Nxd4 Nf6 7. Nc3 g6 8. 0-0 Bg7 9. Be3 0-0 10. h3 Nc6 11. Qd2 Rac8 12. Rad1 Rfd8 13. f4 a6 14. Qf2 Qe8 15. f5 Ne5 16. Bc1 b5 17. a3 Rc5 18. Nb3 Rc4 19. Nd2 Rc6 20. Nf3 Nxf3+ 21. Qxf3 Nd7 22. fxg6 hxg6 23. Qd3 Rdc8 24. Rf2 Bxc3 25. bxc3 Rxc3 26. Qd4 Rxc2 27. Bb2 Ne5 28. Rdf1 Rxf2 29. Rxf2 Qc6 30. Qe3 Kg7 31. Qf4 f6 32. Rd2 Qc5+ 33. Kh2 Nc4 34. Rc2 Rh8 35. Qg3 Qe3 36. Qg4 Nxb2 37. Rxb2 Qc3 38. Rf2 Qe5+ 39. Kh1 Rb8 40. Rf1 a5 41. Qe2 Rc8 42. Rd1 b4 43. axb4 axb4 44. Rd5 Rc1+ 45. Rd1 Rxd1+ 46. Qxd1 Qc3 47. Kh2 b3 48. Qb1 b2 0-1

[Event "VIE-ch U13 Girls"]
[Site "Hanoi"]
[Date "2020.??.??"]
[Round "3"]
[White "Tran, Phuong Vi"]
[Black "Nguyen, Le Cam Hien"]
[Result "0-1"]
[WhiteElo "2230"]
[BlackElo "1673"]
[PlyCount "82"]
[EventDate "2020.10.22"]
[EventType "tourn"]
[EventRounds "7"]
[EventCountry "VIE"]
[SourceTitle "EXT 2022"]
[Source "ChessBase"]
[SourceDate "2021.10.06"]
[SourceVersion "1"]
[SourceVersionDate "2021.10.06"]
[SourceQuality "1"]

1. Nf3 Nf6 2. g3 d5 3. Bg2 c5 4. d4 Nc6 5. 0-0 Bf5 6. e3 e6 7. b3 cxd4 8. exd4 Bd6 9. Bb2 h6 10. c4 0-0 11. Nc3 Rc8 12. cxd5 exd5 13. a3 Bb8 14. Rc1 Re8 15. Re1 Qd7 16. b4 Ne4 17. Qb3 Nxc3 18. Bxc3 Be4 19. Qb2 f6 20. Bd2 Ne7 21. Nh4 Rxc1 22. Rxc1 Nc8 23. Bc3 Nd6 24. Nf3 Nc4 25. Qb3 b5 26. Re1 Bg6 27. Qa2 Rxe1+ 28. Bxe1 Be4 29. Qb3 Bc7 30. Qc3 Qc6 31. Bd2 Qa6 32. Bc1 Qa4 33. Ne1 Qd1 34. h4 Bb6 35. Be3 a5 36. Bxe4 dxe4 37. Kh2 a4 38. Nc2 Qd3 39. Qxd3 exd3 40. Ne1 d2 41. Bxd2 Nxd2 0-1

[Event "Wch-ch U12 Girls rapid"]
[Site "Minsk"]
[Date "2019.08.17"]
[Round "9"]
[White "Kirdyashkina, Ekaterina"]
[Black "Nguyen, Le Cam Hien"]
[Result "1-0"]
[WhiteElo "1811"]
[BlackElo "1429"]
[PlyCount "49"]
[EventDate "2019.08.16"]
[EventType "swiss (rapid)"]
[EventRounds "9"]
[EventCountry "BLR"]
[SourceTitle "EXT 2020"]
[Source "ChessBase"]
[SourceDate "2019.10.17"]
[SourceVersion "1"]
[SourceVersionDate "2019.10.17"]
[SourceQuality "1"]

1. e4 c5 2. Nf3 d6 3. c3 Nf6 4. Be2 Bd7 5. Qc2 Nc6 6. 0-0 g6 7. Re1 Bg7 8. Bf1 0-0 9. Qb3 Qb6 10. Qxb6 axb6 11. Na3 e6 12. Nc4 Ne8 13. Nxb6 Rd8 14. Nxd7 Rxd7 15. d3 Nc7 16. Bf4 b5 17. a3 Ra8 18. Rac1 Ra4 19. Red1 b4 20. axb4 cxb4 21. cxb4 Nxb4 22. d4 Ra2 23. Bb5 Nxb5 24. Rc8+ Bf8 25. Bh6 1-0

[Event "Wch-ch U12 Girls rapid"]
[Site "Minsk"]
[Date "2019.08.17"]
[Round "8"]
[White "Nguyen, Le Cam Hien"]
[Black "Komissarova, Soigina"]
[Result "0-1"]
[WhiteElo "1429"]
[BlackElo "1542"]
[PlyCount "192"]
[EventDate "2019.08.16"]
[EventType "swiss (rapid)"]
[EventRounds "9"]
[EventCountry "BLR"]
[SourceTitle "EXT 2020"]
[Source "ChessBase"]
[SourceDate "2019.10.17"]
[SourceVersion "1"]
[SourceVersionDate "2019.10.17"]
[SourceQuality "1"]

1. e4 c5 2. Nf3 e6 3. d4 cxd4 4. Nxd4 a6 5. c4 Nf6 6. Nc3 Qc7 7. Be3 d6 8. Be2 Be7 9. 0-0 b6 10. Rc1 Bb7 11. f3 0-0 12. b3 Nbd7 13. Qe1 Rac8 14. Qf2 Rfe8 15. Rfd1 Bf8 16. Bf1 Ne5 17. Nde2 Nfd7 18. h3 Nc5 19. Ng3 Ncd7 20. f4 Ng6 21. b4 Qb8 22. a3 Ba8 23. Rc2 Red8 24. Nge2 Rxc4 25. Nd4 Rc7 26. f5 exf5 27. Nxf5 Qc8 28. Rdc1 Bb7 29. Nd5 Rxc2 30. Rxc2 Qa8 31. Nxb6 Nxb6 32. Bxb6 Re8 33. Rc7 Ne5 34. Bd4 Qb8 35. Rc1 Bxe4 36. Re1 Bb7 37. Bxe5 dxe5 38. Bc4 Qc7 39. Qe2 Rc8 40. Bxa6 Qb6+ 41. Kh1 Bxa6 42. Qxe5 g6 43. Ne7+ Bxe7 44. Qxe7 Bb5 45. Qe5 Ra8 46. Re3 Ba4 47. Rf3 Bc6 48. Rf4 Rxa3 49. Qf6 Ra7 50. Kh2 Qc7 51. Kg1 Qb6+ 52. Kh2 Qc7 53. Kg1 Ra1+ 54. Qxa1 Qxf4 55. Qc3 Bb7 56. Qc5 Qb8 57. b5 h5 58. b6 Ba8 59. Kf2 Qb7 60. g4 hxg4 61. hxg4 Qf3+ 62. Ke1 Qe4+ 63. Kf2 Qf4+ 64. Ke1 Qg3+ 65. Kd2 Qg2+ 66. Ke1 Qe4+ 67. Kf2 Kg7 68. Qc3+ Kf8 69. Qc8+ Ke7 70. Qc7+ Ke6 71. Qc8+ Kf6 72. Qd8+ Kg7 73. g5 Qf3+ 74. Ke1 Qe3+ 75. Kf1 Qf3+ 76. Ke1 Qe3+ 77. Kf1 Qf3+ 78. Ke1 Bb7 79. Qd4+ Kh7 80. Qd8 Qe4+ 81. Kf2 Qc2+ 82. Ke3 Qc1+ 83. Kf2 Qc2+ 84. Ke3 Qc3+ 85. Kf2 Qf3+ 86. Ke1 Ba6 87. Qe7 Qf1+ 88. Kd2 Qd3+ 89. Kc1 Qc4+ 90. Kd2 Qd5+ 91. Kc1 Bb7 92. Qf6 Qc6+ 93. Qxc6 Bxc6 94. Kc2 Kg7 95. Kc3 f6 96. gxf6+ Kxf6 0-1

[Event "Wch U12 Girls"]
[Site "Weifang"]
[Date "2019.??.??"]
[Round "8"]
[White "Nguyen, Le Cam Hien"]
[Black "Shvedova, Alexandra"]
[Result "0-1"]
[WhiteElo "1579"]
[BlackElo "1932"]
[PlyCount "85"]
[EventDate "2019.08.21"]
[EventType "swiss"]
[EventRounds "11"]
[EventCountry "CHN"]
[SourceTitle "EXT 2020"]
[Source "ChessBase"]
[SourceDate "2019.10.17"]
[SourceVersion "1"]
[SourceVersionDate "2019.10.17"]
[SourceQuality "1"]

1. e4 c5 2. Nf3 d6 3. d4 cxd4 4. Nxd4 Nf6 5. Nc3 a6 6. Be2 Nbd7 7. f4 e5 8. Nb3 Be7 9. 0-0 0-0 10. Kh1 b5 11. a3 Bb7 12. Bf3 Rc8 13. f5 Rxc3 14. bxc3 Nxe4 15. Qe1 Ndf6 16. Bb2 Qc8 17. a4 Ng5 18. Bxb7 Qxb7 19. axb5 Qxb5 20. Ra5 Qb6 21. Qf2 Qc7 22. Rxa6 Qc4 23. Raa1 Ng4 24. Qe1 Bd8 25. Nd2 Qb5 26. Qg3 Qxb2 27. Qxg4 Qxc3 28. Ne4 Qd4 29. Nf2 Qxg4 30. Nxg4 Bb6 31. Rad1 Bc5 32. Rd5 Ne4 33. Re1 Ra8 34. g3 Nf6 35. Nxf6+ gxf6 36. Kg2 Ra2 37. Re2 Ra4 38. Kf3 Rc4 39. Rd3 Ra4 40. Re4 Ra1 41. Kg4 Rf1 42. c4 Kg7 43. Rf3 0-1

[Event "Wch U08 Girls"]
[Site "Porto Carras"]
[Date "2015.11.03"]
[Round "9"]
[White "Karaivanova, Petya F"]
[Black "Nguyen, Le Cam Hien"]
[Result "0-1"]
[WhiteElo "1460"]
[BlackElo "1299"]
[PlyCount "132"]
[EventDate "2015.10.25"]
[EventType "swiss"]
[EventRounds "11"]
[EventCountry "GRE"]
[SourceTitle "CBM 169 Extra"]
[Source "ChessBase"]
[SourceDate "2015.12.18"]
[SourceVersion "1"]
[SourceVersionDate "2015.12.18"]
[SourceQuality "1"]

1. e4 c5 2. Nf3 d6 3. d4 cxd4 4. Nxd4 Nf6 5. Nc3 a6 6. Be3 e6 7. f3 b5 8. Qd2 Bb7 9. a3 Qc7 10. 0-0-0 Nbd7 11. Kb1 Nb6 12. Bg5 Nfd7 13. f4 Rc8 14. Re1 Nc4 15. Bxc4 Qxc4 16. Rd1 Nf6 17. Bxf6 gxf6 18. e5 fxe5 19. fxe5 d5 20. Rhf1 Qc7 21. Qg5 Qe7 22. Rf6 h6 23. Qe3 Bg7 24. Rf3 b4 25. axb4 Qxb4 26. Rg3 Bf8 27. Rf1 Ba8 28. Qf4 Rh7 29. Rgf3 Rb8 30. Nb3 d4 31. Qxd4 Qxd4 32. Nxd4 Bxf3 33. Rxf3 Rg7 34. g3 Rg5 35. h4 Rg4 36. Nb3 Bg7 37. Nc5 Rb6 38. N3a4 Rb5 39. Nxa6 Rxe5 40. N6c5 Re1+ 41. Ka2 Re2 42. Rb3 Rxc2 43. Rb7 Rgc4 44. Ka3 Rxc5 45. Nxc5 Rxc5 46. b4 Rc3+ 47. Ka4 Rxg3 48. b5 f5 49. b6 f4 50. Ra7 Be5 51. b7 f3 52. Ra5 Bf4 53. Ra8+ Kf7 54. b8Q Bxb8 55. Rxb8 f2 56. Rb1 Rg1 57. Rxg1 fxg1Q 58. Kb5 Qc1 59. Kb4 e5 60. Kb5 e4 61. Kb6 e3 62. Kb5 e2 63. Kb6 e1R 64. Kb5 Re2 65. Kb6 Rb2+ 66. Ka5 Qa1# 0-1

[Event "VIE-ch U07 Girls"]
[Site "Ho Chi Minh City"]
[Date "2014.07.18"]
[Round "9"]
[White "Ly, Nguyen Ngoc Chau"]
[Black "Nguyen, Le Cam Hien"]
[Result "0-1"]
[WhiteElo "1438"]
[BlackElo "1434"]
[PlyCount "96"]
[EventDate "2014.07.13"]
[EventType "swiss"]
[EventRounds "9"]
[EventCountry "VIE"]
[SourceTitle "EXT 2016"]
[Source "ChessBase"]
[SourceDate "2015.10.08"]
[SourceVersion "1"]
[SourceVersionDate "2015.10.08"]
[SourceQuality "1"]

1. e4 c5 2. Nf3 d6 3. d4 cxd4 4. Nxd4 Nf6 5. Nc3 a6 6. Be3 e6 7. f4 Qc7 8. Bd3 b5 9. h3 Bb7 10. Qf3 Nbd7 11. f5 e5 12. Nb3 Be7 13. Nd5 Nxd5 14. exd5 Nf6 15. Qg3 Rg8 16. Bg5 Bxd5 17. Bxf6 Bxf6 18. h4 h5 19. Qe3 Kf8 20. Be4 Bxe4 21. Qxe4 Rc8 22. Rg1 Qxc2 23. Qxc2 Rxc2 24. g3 Rxb2 25. Na5 Ke7 26. Kd1 Rc8 27. a4 e4 28. axb5 Rxb5 29. Re1 Bxa1 30. Rxe4+ Kd7 31. Ra4 Be5 32. Nc4 Bxg3 33. Kd2 Rxc4 34. Rxc4 Rxf5 35. Ke3 Rf4 36. Rc1 Rxh4 37. Kf3 Be5 38. Kg2 a5 39. Kf2 a4 40. Ke3 a3 41. Rc2 Bb2 42. Kf2 a2 43. Kg3 Rb4 44. Kf3 a1Q 45. Ke3 Qa3+ 46. Kd2 Rh4 47. Kd1 Qd3+ 48. Rd2 Rh1# 0-1

[Event "VIE-ch U07 Girls"]
[Site "Ho Chi Minh City"]
[Date "2014.07.17"]
[Round "8"]
[White "Nguyen, Le Cam Hien"]
[Black "Nguyen, Hoang Thai Ngoc"]
[Result "1-0"]
[WhiteElo "1434"]
[BlackElo "1430"]
[PlyCount "105"]
[EventDate "2014.07.13"]
[EventType "swiss"]
[EventRounds "9"]
[EventCountry "VIE"]
[SourceTitle "EXT 2016"]
[Source "ChessBase"]
[SourceDate "2015.10.08"]
[SourceVersion "1"]
[SourceVersionDate "2015.10.08"]
[SourceQuality "1"]

1. e4 e5 2. Nf3 Nc6 3. d4 exd4 4. Nxd4 Bc5 5. Be3 Qf6 6. c3 Nge7 7. Bc4 Bb6 8. 0-0 0-0 9. h3 d6 10. Nxc6 Nxc6 11. Bxb6 axb6 12. Nd2 Qg6 13. Kh1 Be6 14. Bxe6 Qxe6 15. Re1 Qg6 16. Nf3 Rad8 17. Qb1 Rfe8 18. Kg1 h6 19. Nd4 Ne5 20. f4 Nc4 21. f5 Qg5 22. Nf3 Qg3 23. Qd3 Nxb2 24. Qb5 Qf4 25. Qxb2 Rxe4 26. Rxe4 Qxe4 27. Nd4 c5 28. Nf3 Qxf5 29. Qxb6 Re8 30. Qxd6 Re3 31. Qb8+ Kh7 32. Qxb7 Qf6 33. Rc1 Re2 34. Qb5 Rxa2 35. Qxc5 Qf4 36. Rf1 Qg3 37. Ne1 Re2 38. Qf5+ Kh8 39. Qf3 Qe5 40. Nd3 Qe6 41. Nf4 Qb6+ 42. Kh1 Re3 43. Qf2 Qc5 44. Nd5 Qxd5 45. Qxe3 Qb5 46. Qf3 f6 47. Rd1 Qb8 48. c4 Qc8 49. Qc3 Qf5 50. Rd8+ Kh7 51. Qd3 Qg6 52. Rh8+ Kxh8 53. Qxg6 1-0